[Event "GER-ch U10"]
[Site "Oberhof"]
[Date "2012.05.28"]
[Round "4"]
[White "Becker, Silke"]
[Black "Flach, Helene"]
[Result "1-0"]
[WhiteElo "1222"]
[BlackElo "974"]
[PlyCount "77"]
[EventDate "2012.05.27"]
[EventType "swiss"]
[EventRounds "11"]
[EventCountry "GER"]
[SourceTitle "CBM 148 Extra"]
[Source "ChessBase"]
[SourceDate "2012.06.22"]
[SourceVersion "1"]
[SourceVersionDate "2012.06.22"]
[SourceQuality "1"]

1. e4 e5 2. Nf3 Nc6 3. c3 Nf6 4. d3 h6 5. Nbd2 Be7 6. b4 0-0 7. b5 Nb8 8. Nxe5 d6 9. Nef3 Be6 10. Be2 Nbd7 11. 0-0 a6 12. d4 Bg4 13. Qc2 Nb6 14. Re1 Nh7 15. h3 Bh5 16. Bf1 Ng5 17. Nxg5 Bxg5 18. Qd3 Re8 19. Qg3 Nd7 20. Nf3 Bxc1 21. Raxc1 axb5 22. Bxb5 Rxa2 23. Bc4 Rb2 24. Qf4 Qf6 25. Qg3 Qg6 26. Qf4 Bxf3 27. Qxf3 Nb6 28. Bd3 Re6 29. e5 Qg5 30. Qxb7 Re8 31. exd6 Rxe1+ 32. Rxe1 g6 33. dxc7 Qd2 34. Re2 Qd1+ 35. Kh2 Rxe2 36. Bxe2 Qxe2 37. Qxb6 Qxf2 38. c8Q+ Kg7 39. Qd6 1-0

[Event "Baden-ch U10"]
[Site "Karlsruhe"]
[Date "2012.01.05"]
[Round "6"]
[White "Becker, Silke"]
[Black "Vaintroub, Maximilian"]
[Result "0-1"]
[WhiteElo "1134"]
[BlackElo "1313"]
[PlyCount "120"]
[EventDate "2012.01.03"]
[EventType "swiss"]
[EventRounds "7"]
[EventCountry "GER"]
[SourceTitle "EXT 2015"]
[Source "ChessBase"]
[SourceDate "2014.11.20"]
[SourceVersion "1"]
[SourceVersionDate "2014.11.20"]
[SourceQuality "1"]

1. e4 c5 2. Nc3 Nc6 3. f4 g6 4. Nf3 Bg7 5. g3 e6 6. Bg2 Nge7 7. d3 0-0 8. Be3 b6 9. 0-0 d5 10. Bd2 Bb7 11. e5 Ba6 12. Re1 Nf5 13. g4 Nfd4 14. Ne2 Nxe2+ 15. Rxe2 c4 16. dxc4 dxc4 17. Re1 Rc8 18. Nh4 Qd4+ 19. Kh1 Qxb2 20. c3 Rfd8 21. Re2 Qa3 22. Rc1 Qe7 23. g5 h6 24. Bxc6 Rxc6 25. Qa4 Qb7 26. gxh6 Bxh6 27. Nf3 Rd3 28. Nd4 Rc8+ 29. Kg1 Z0 30. Rd1 b5 31. Qb4 Bxf4 32. Qb1 Bxd2 33. Rexd2 Rxd2 34. Rxd2 Qd5 35. Qb4 Qxe5 36. Re2 Qc5 37. Qa5 Bb7 38. Kf1 Qb6 39. Qxb5 Qxb5 40. Nxb5 a6 41. Nd6 Rb8 42. Nxb7 Rxb7 43. Re4 Rc7 44. Ke2 Rb7 45. Rxc4 Rb2+ 46. Kd3 Rxa2 47. Rc8+ Kg7 48. c4 Kf6 49. Kd4 Ra5 50. c5 Ke7 51. Rc7+ Ke8 52. c6 Rd5+ 53. Kc4 Rb5 54. Rc8+ Ke7 55. Rc7+ Kd6 56. Rc8 Rc5+ 57. Kb4 Rxc6 58. Rxc6+ Kxc6 59. Ka5 f5 60. Kxa6 f4 0-1

[Event "Baden-ch U10"]
[Site "Karlsruhe"]
[Date "2012.01.04"]
[Round "4"]
[White "Becker, Silke"]
[Black "Buchmueller, Axel"]
[Result "1-0"]
[WhiteElo "1134"]
[BlackElo "868"]
[PlyCount "73"]
[EventDate "2012.01.03"]
[EventType "swiss"]
[EventRounds "7"]
[EventCountry "GER"]
[SourceTitle "EXT 2015"]
[Source "ChessBase"]
[SourceDate "2014.11.20"]
[SourceVersion "1"]
[SourceVersionDate "2014.11.20"]
[SourceQuality "1"]

1. e4 e5 2. Bc4 Bc5 3. Qh5 Qe7 4. Nc3 Nf6 5. Qe2 d6 6. d3 Bg4 7. f3 Bd7 8. Bg5 h6 9. Nd5 Qd8 10. Bxf6 gxf6 11. 0-0-0 c6 12. Nc3 Qe7 13. Qd2 Be6 14. Nge2 Bxc4 15. dxc4 Nd7 16. f4 exf4 17. Nxf4 f5 18. Rhe1 Ne5 19. exf5 0-0-0 20. Nd3 Qf6 21. Qf4 Rde8 22. Ne4 Nxc4 23. Nxf6 Be3+ 24. Rxe3 Nxe3 25. Nxe8 Rxe8 26. Re1 Kc7 27. Rxe3 Rxe3 28. Qxe3 h5 29. Qe7+ Kb6 30. Qxf7 c5 31. Qxh5 c4 32. Nf4 c3 33. bxc3 a5 34. Qg6 Kb5 35. Qxd6 Ka4 36. Qb6 Ka3 37. Qb3# 1-0

[Event "Baden-ch U10"]
[Site "Karlsruhe"]
[Date "2012.01.03"]
[Round "1"]
[White "Reiling, Lukas"]
[Black "Becker, Silke"]
[Result "0-1"]
[WhiteElo "755"]
[BlackElo "1134"]
[PlyCount "104"]
[EventDate "2012.01.03"]
[EventType "swiss"]
[EventRounds "7"]
[EventCountry "GER"]
[SourceTitle "EXT 2015"]
[Source "ChessBase"]
[SourceDate "2014.11.20"]
[SourceVersion "1"]
[SourceVersionDate "2014.11.20"]
[SourceQuality "1"]

1. e4 e5 2. Nf3 Nc6 3. Nc3 Nf6 4. Bb5 Nd4 5. Nxe5 Bc5 6. 0-0 c6 7. Bc4 d6 8. Nxf7 Qe7 9. Nxh8 Bg4 10. Qe1 Nxc2 11. Qe2 Bxe2 12. Bxe2 Nxa1 13. d3 0-0-0 14. Bg5 Rxh8 15. Bg4+ Kb8 16. Rxa1 h6 17. Bh4 g5 18. Bg3 Nxg4 19. h3 Ne5 20. Rd1 Bb6 21. Kf1 Rf8 22. Rd2 Be3 23. Re2 Qf7 24. Rxe3 h5 25. Nd1 h4 26. Bxe5 dxe5 27. Rf3 Qg7 28. Re3 g4 29. a3 gxh3 30. Rxh3 Qg4 31. Ne3 Qf4 32. Rf3 Qh6 33. Ke2 Rxf3 34. gxf3 h3 35. Ng4 Qh4 36. b4 h2 37. Nxh2 Qxh2 38. Ke3 Qg1 39. Ke2 Qa1 40. f4 exf4 41. Kf3 Qxa3 42. Kxf4 Qxd3 43. f3 Kc7 44. b5 Qxb5 45. Kg3 Kd7 46. Kf4 Ke6 47. e5 Qxe5+ 48. Kg4 Kf6 49. f4 Qe2+ 50. Kh4 Qg2 51. f5 Kxf5 52. Kh5 Qg5# 0-1